000 00549nam a22001937a 4500
999 _c524934
_d524934
003 NUST
020 _a978-969-8957-55-1
038 _aWaseem
082 _a891.421
_bNUZ
100 _aNuzhat, Shaista
_915736
245 _aAqal ty Ishq /
_cShaista Nuzhat
260 _aLahore :
_bSanjh Publications,
_c2008.
300 _a192 p. ;
500 _aHardcover.
880 _6100-01\r
_aشا ٰستہ نزھت
880 _6245-02\r
_aعقل تے عشق /
880 _6260-03\r
_aلاہور :
_bسانجھ پبلیکیشنز,
_c2008.
942 _2ddc
_cBK